|
|
|
|
| LEADER |
00000nam a2200000Ii 4500 |
| 001 |
DIGUCANT0030 |
| 003 |
NyNyDIG |
| 007 |
cr ||||||||||| |
| 008 |
220525s2014 sp ob 001 0 spa d |
| 006 |
m o d |
| 035 |
|
|
|a (OCoLC)903969122
|
| 040 |
|
|
|a DGITA
|b eng
|e rda
|e pn
|c DGITA
|
| 020 |
|
|
|a 9788481027075
|q eBook
|q pdf
|
| 020 |
|
|
|z 9788481020250
|
| 050 |
1 |
4 |
|a PN3171 ebook
|
| 100 |
1 |
|
|a Tejerina Lobo, Isabel,
|d 1949-
|e author.
|
| 245 |
1 |
0 |
|a Estudio de los textos teatrales para niños /
|c Isabel Tejerina Lobo.
|
| 264 |
|
1 |
|a Santander :
|b Ediciones Universidad de Cantabria,
|c 2014.
|
| 300 |
|
|
|a 1 online resource.
|
| 336 |
|
|
|a text
|b txt
|2 rdacontent
|
| 337 |
|
|
|a computer
|b c
|2 rdamedia
|
| 338 |
|
|
|a online resource
|b cr
|2 rdacarrier
|
| 347 |
|
|
|a text file
|2 rdaft
|
| 347 |
|
|
|b PDF
|
| 504 |
|
|
|a Includes bibliographical references and index.
|
| 588 |
0 |
|
|a Online resource; title from PDF title page (Digitalia, viewed May 25, 2022)
|
| 650 |
|
0 |
|a Children's plays
|x History and criticism.
|
| 650 |
|
0 |
|a Children's theater.
|
| 655 |
|
0 |
|a Electronic books.
|
| 791 |
2 |
|
|a Digitalia (Firm),
|e distributor.
|
| 793 |
0 |
|
|g Digitalia eBook Collection:
|a Ediciones Universidad Cantabria
|
| 776 |
0 |
8 |
|i Print version:
|a Tejerina Lobo, Isabel, 1949-
|t Estudio de los textos teatrales para niños.
|d Santander : Ediciones Universidad de Cantabria, 2014
|z 9788481020250
|
| 830 |
|
0 |
|a Colección manuales (Editorial Universidad Cantabria)
|
| 856 |
4 |
0 |
|3 Digitalia Hispánica
|u https://www.digitaliapublishing.com/a/38759/
|
| 910 |
|
|
|a Premium collection: 2022
|